Towards sustainable construction in Asia : a case study (Record no. 72740)

MARC details
000 -LEADER
fixed length control field 01082cam a2200229 4500
001 - CONTROL NUMBER
control field ABS66667
008 - FIXED-LENGTH DATA ELEMENTS--GENERAL INFORMATION
fixed length control field 030523n2003 000 0 eng u
035 ## - SYSTEM CONTROL NUMBER
System control number (Sirsi) u122383
100 ## - MAIN ENTRY--PERSONAL NAME
Personal name Bayliss, R.
245 ## - TITLE STATEMENT
Title Towards sustainable construction in Asia : a case study
260 ## - PUBLICATION, DISTRIBUTION, ETC.
Date of publication, distribution, etc. 2003
490 ## - SERIES STATEMENT
Series statement RICS Quantity Surveying and Construction Faculty Feature
Volume/sequential designation 1 May 2003 (4)
520 ## - SUMMARY, ETC.
Summary, etc. A case study showing the practical steps taken by Neo Corporation, a Singapore based construction firm specialising in design and build contracts, to realign its business to reflect sustainable construction principles. Discusses how the four Rs (replace, reduce, reuse and recycling) have been used as a framework to implement sustainable construction practices and the practical business benefits gained. References.
590 ## - LOCAL NOTE (RLIN)
Local note ABS
650 ## - SUBJECT ADDED ENTRY--TOPICAL TERM
Topical term or geographic name entry element CONSTRUCTION WASTE
650 ## - SUBJECT ADDED ENTRY--TOPICAL TERM
Topical term or geographic name entry element RECYCLING OF BUILDING MATERIALS
650 ## - SUBJECT ADDED ENTRY--TOPICAL TERM
Topical term or geographic name entry element REUSABLE MATERIALS
650 ## - SUBJECT ADDED ENTRY--TOPICAL TERM
Topical term or geographic name entry element SINGAPORE
650 ## - SUBJECT ADDED ENTRY--TOPICAL TERM
Topical term or geographic name entry element SUSTAINABLE CONSTRUCTION
690 ## - LOCAL SUBJECT ADDED ENTRY--TOPICAL TERM (OCLC, RLIN)
Topical term or geographic name as entry element BUILDING AND CONSTRUCTION-SUSTAINABLE
942 ## - ADDED ENTRY ELEMENTS (KOHA)
Suppress in OPAC 0
Holdings
Withdrawn status Lost status Source of classification or shelving scheme Damaged status Not for loan Home library Current library Shelving location Date acquired Total Checkouts Full call number Barcode Date last seen Copy number Price effective from Koha item type
    Dewey Decimal Classification     London London Journal article 23/05/2003   ABS66667 122383-2001 06/08/2019 1 06/08/2019 Journal article
    Dewey Decimal Classification     Virtual Virtual Online 23/05/2003   ONLINE PUBLICATION 122383-1001 06/08/2019 1 06/08/2019 Journal article